[Event "Canadian op"]
[Site "Calgary"]
[Date "2023.07.30"]
[Round "10"]
[White "Sasata, Robert"]
[Black "Douglas, Richard"]
[Result "1-0"]
[WhiteElo "2214"]
[BlackElo "1679"]
[PlyCount "181"]
[EventDate "2023.07.22"]
[EventType "swiss"]
[EventRounds "10"]
[EventCountry "CAN"]
[SourceTitle "EXT 2024"]
[Source "ChessBase"]
[SourceDate "2023.10.10"]
[SourceVersion "1"]
[SourceVersionDate "2023.10.10"]
[SourceQuality "1"]

1. d4 f5 2. e4 fxe4 3. Nc3 Nf6 4. Bg5 g6 5. d5 Bg7 6. Qd2 c6 7. d6 exd6 8. Qxd6 Qe7 9. Qxe7+ Kxe7 10. Nxe4 d5 11. Nd2 Nbd7 12. f3 h6 13. Be3 Re8 14. 0-0-0 Kf7 15. Bf2 b5 16. Nb3 a5 17. Nd4 Bb7 18. Nge2 b4 19. Kb1 Bf8 20. Nc1 a4 21. Be2 Rec8 22. Rhe1 c5 23. Ne6 Bd6 24. Bg3 Bxg3 25. hxg3 c4 26. Bf1 Rc6 27. Nd4 Rb6 28. Re3 Nc5 29. Rde1 Re8 30. g4 Bc8 31. Rxe8 Nxe8 32. Re5 Nc7 33. b3 Kf6 34. Re3 axb3 35. cxb3 N5e6 36. Nce2 Nb5 37. Nxb5 Rxb5 38. Ng3 d4 39. Re1 Re5 40. Rxe5 Kxe5 41. Bxc4 Kf4 42. Nf1 Nc5 43. Kb2 Bb7 44. a4 bxa3+ 45. Kxa3 Nxb3 46. Kxb3 Bxf3 47. gxf3 Kxf3 48. Bd3 h5 49. g5 Kf4 50. Bxg6 Kxg5 51. Be4 Kf4 52. Bc6 h4 53. Kc4 Ke5 54. Kd3 Kd6 55. Ba8 Kc5 56. Bh1 h3 57. Be4 h2 58. Nxh2 Kb4 59. Kxd4 Kb3 60. Bd3 Kb4 61. Ng4 Kb3 62. Ne3 Kb2 63. Be4 Kb3 64. Nd1 Ka2 65. Kc3 Ka1 66. Ne3 Ka2 67. Nc4 Ka1 68. Bd5 Ka2 69. Kb4 Ka1 70. Kb3 Kb1 71. Kc3 Ka1 72. Nb2 Kb1 73. Nd3 Ka1 74. Nb4 Kb1 75. Nc2 Kc1 76. Ba2 Kd1 77. Nd4 Ke1 78. Kd3 Kf2 79. Ne2 Kf3 80. Be6 Kf2 81. Bg4 Ke1 82. Ke3 Kf1 83. Nf4 Ke1 84. Ng2+ Kf1 85. Kf3 Kg1 86. Kg3 Kf1 87. Bh5 Kg1 88. Be2 Kh1 89. Nf4 Kg1 90. Nh3+ Kh1 91. Bf3# 1-0

[Event "CAN-ch International"]
[Site "Longueuil"]
[Date "2019.10.12"]
[Round "3"]
[White "Sasata, Robert"]
[Black "Zhong, Kevin"]
[Result "1-0"]
[WhiteElo "2353"]
[BlackElo "2244"]
[PlyCount "65"]
[EventDate "2019.10.11"]
[EventType "swiss"]
[EventRounds "5"]
[EventCountry "CAN"]
[SourceTitle "CBM 192 Extra"]
[Source "Chessbase"]
[SourceDate "2019.11.06"]
[SourceVersion "1"]
[SourceVersionDate "2019.11.06"]
[SourceQuality "1"]

1. d4 d5 2. c4 e6 3. Nc3 Nf6 4. cxd5 exd5 5. Bg5 Be7 6. e3 c6 7. Bd3 Nbd7 8. Nge2 h6 9. Bh4 Nh5 10. Bxe7 Qxe7 11. Qc2 Nb6 12. 0-0-0 Be6 13. Kb1 0-0-0 14. Ka1 Kb8 15. Na4 Nxa4 16. Qxa4 Nf6 17. h3 Nd7 18. Rc1 Rc8 19. Nf4 Rc7 20. Rc3 g5 21. Nxe6 fxe6 22. Ra3 b6 23. Rc1 c5 24. Bb5 Rhc8 25. Rac3 c4 26. b3 Nf6 27. bxc4 Ne4 28. R3c2 dxc4 29. Ba6 Rf8 30. Bxc4 Rxc4 31. Qxc4 Nd6 32. Qc6 Qd8 33. e4 1-0

[Event "Banff op"]
[Site "Banff"]
[Date "2016.11.12"]
[Round "3"]
[White "Kobalenko, Jerry"]
[Black "Sasata, Robert"]
[Result "1-0"]
[WhiteElo "1854"]
[BlackElo "2246"]
[PlyCount "91"]
[EventDate "2016.11.11"]
[EventType "swiss"]
[EventRounds "6"]
[EventCountry "CAN"]
[SourceTitle "EXT 2018"]
[Source "ChessBase"]
[SourceDate "2017.10.13"]
[SourceVersion "1"]
[SourceVersionDate "2017.10.13"]
[SourceQuality "1"]

1. Nf3 Nf6 2. g3 c5 3. Bg2 Nc6 4. d4 e6 5. 0-0 d5 6. b3 cxd4 7. Nxd4 Bc5 8. Bb2 Qb6 9. e3 Bd7 10. a3 Rc8 11. Nxc6 Bxc6 12. Nd2 Be7 13. Bd4 Qc7 14. c4 0-0 15. Qe2 dxc4 16. Bxc6 Qxc6 17. Nxc4 Qb5 18. Rfb1 b6 19. a4 Qb4 20. Qb2 Rfd8 21. f3 h5 22. Kf2 Ne8 23. Bc3 Qc5 24. Bd4 Qf5 25. Rd1 Bf6 26. e4 Bxd4+ 27. Qxd4 Rxd4 28. exf5 Rxd1 29. Rxd1 exf5 30. Rd7 Rc7 31. Rxc7 Nxc7 32. Nd6 Ne6 33. Nc8 a5 34. Nxb6 Nc5 35. Ke3 Nxb3 36. Kd3 f4 37. gxf4 Kf8 38. Kc3 Nc5 39. Kc4 Nb7 40. Kb5 Ke7 41. Nc4 Ke6 42. Kb6 Nd8 43. Nxa5 Kf5 44. Nc6 Ne6 45. a5 Nxf4 46. a6 1-0

[Event "Banff op"]
[Site "Banff"]
[Date "2016.11.11"]
[Round "2"]
[White "Sasata, Robert"]
[Black "Goodman, Kevin"]
[Result "1-0"]
[WhiteElo "2246"]
[BlackElo "2005"]
[PlyCount "51"]
[EventDate "2016.11.11"]
[EventType "swiss"]
[EventRounds "6"]
[EventCountry "CAN"]
[SourceTitle "EXT 2018"]
[Source "ChessBase"]
[SourceDate "2017.10.13"]
[SourceVersion "1"]
[SourceVersionDate "2017.10.13"]
[SourceQuality "1"]

1. d4 Nf6 2. c4 g6 3. f3 d5 4. cxd5 Nxd5 5. e4 Nb6 6. Nc3 Bg7 7. Be3 0-0 8. Qd2 e5 9. d5 c6 10. h4 cxd5 11. exd5 f5 12. h5 f4 13. Bc5 Re8 14. hxg6 hxg6 15. d6 Bf5 16. Nd5 Nxd5 17. Qxd5+ Be6 18. Qxb7 Nd7 19. Ba3 e4 20. fxe4 Qg5 21. Nf3 Qg3+ 22. Kd1 Rac8 23. Rc1 Ne5 24. Rxc8 Bxc8 25. Nxe5 Be6 26. Nf3 1-0

[Event "Banff op"]
[Site "Banff"]
[Date "2016.11.11"]
[Round "1"]
[White "Zhao, Ian"]
[Black "Sasata, Robert"]
[Result "0-1"]
[WhiteElo "1658"]
[BlackElo "2246"]
[PlyCount "148"]
[EventDate "2016.11.11"]
[EventType "swiss"]
[EventRounds "6"]
[EventCountry "CAN"]
[SourceTitle "EXT 2018"]
[Source "ChessBase"]
[SourceDate "2017.10.13"]
[SourceVersion "1"]
[SourceVersionDate "2017.10.13"]
[SourceQuality "1"]

1. e4 e5 2. Nf3 Nc6 3. Bc4 Nf6 4. d3 Bc5 5. 0-0 d6 6. c3 a6 7. Bb3 Ba7 8. h3 0-0 9. Nbd2 Ne7 10. Re1 Ng6 11. Nf1 h6 12. Ng3 Re8 13. d4 b5 14. Bc2 c5 15. dxe5 dxe5 16. Qxd8 Rxd8 17. Be3 Be6 18. b3 Bb6 19. a4 Ba5 20. axb5 axb5 21. Bxc5 Bxc3 22. Rxa8 Rxa8 23. Re3 b4 24. Ne2 Rc8 25. Ba7 Bb2 26. Ne1 Nd7 27. Rd3 Kf8 28. Be3 Ke7 29. Bd2 Ba3 30. Be3 Nc5 31. Bxc5+ Rxc5 32. Rd2 f6 33. f3 Nf8 34. Kf2 Bd7 35. Bd3 Be6 36. Bc2 g5 37. g4 Ng6 38. Kg2 Rc8 39. Nd3 h5 40. Kf2 h4 41. Kg2 Nf8 42. Bd1 Rd8 43. Kf2 Bc8 44. Ke3 Ne6 45. Bc2 Ba6 46. Bb1 Rd6 47. Bc2 Rc6 48. Bd1 Bb5 49. Bc2 Nf4 50. Ndxf4 gxf4+ 51. Kf2 Bb2 52. Bd1 Bc3 53. Rd5 Ba6 54. Bc2 Bxe2 55. Kxe2 Bd4 56. Kd2 Rc3 57. Bd1 Re3 58. Ra5 Bc3+ 59. Kc2 Kf7 60. Ra7+ Kg6 61. Rc7 Re1 62. g5 fxg5 63. Rc6+ Kh5 64. Rxc3 bxc3 65. b4 g4 66. fxg4+ Kg5 67. b5 Rxe4 68. Kxc3 f3 69. Kd2 Rd4+ 70. Ke1 e4 71. Bc2 e3 72. b6 Rb4 73. Bd1 Rb1 74. b7 e2 0-1

[Event "IECG CM.2006.0.00304 email"]
[Site "IECG email"]
[Date "2006.07.17"]
[Round "?"]
[White "Ibar, Marcelo Rodolfo"]
[Black "Sasata, Robert"]
[Result "1/2-1/2"]
[WhiteElo "2211"]
[BlackElo "2233"]
[PlyCount "90"]
[EventDate "2006.07.17"]
[EventType "tourn (corr)"]
[EventRounds "6"]
[SourceTitle "Corr 2011"]
[Source "ChessBase"]
[SourceDate "2010.08.31"]
[SourceVersion "1"]
[SourceVersionDate "2010.08.31"]
[SourceQuality "1"]

1. e4 e5 2. Nf3 Nc6 3. Bb5 a6 4. Ba4 Nf6 5. 0-0 Bc5 6. c3 b5 7. Bc2 d5 8. a4 b4 9. d4 dxe4 10. Ng5 exd4 11. Nxe4 Be7 12. Nxf6+ Bxf6 13. Re1+ Ne7 14. cxb4 0-0 15. Nd2 Nd5 16. Be4 c6 17. Nc4 Nxb4 18. Bd2 Rb8 19. Bf4 Be6 20. Bxb8 Qxb8 21. Qf3 Rd8 22. Na5 c5 23. Rac1 d3 24. Rxc5 Rd4 25. Rd1 Qd6 26. Nb7 Qe7 27. Rc3 g6 28. Nc5 Bd5 29. Bxd5 Nxd5 30. Nxd3 Nxc3 31. bxc3 Rxa4 32. Nb4 Qe6 33. Nd5 Bg7 34. Kf1 Re4 35. Qd3 h5 36. f3 Re5 37. Nc7 Qb3 38. Nxa6 Re3 39. Qxe3 Qxd1+ 40. Kf2 h4 41. Nb4 Qb3 42. g4 Qb2+ 43. Qe2 Qxc3 44. Nd3 Bf8 45. g5 Bd6 1/2-1/2

[Event "IECG CM.2006.0.00304 email"]
[Site "IECG email"]
[Date "2006.07.17"]
[Round "?"]
[White "Sasata, Robert"]
[Black "Petrov, Milen Stoyanov"]
[Result "0-1"]
[WhiteElo "2233"]
[BlackElo "2315"]
[PlyCount "46"]
[EventDate "2006.07.17"]
[EventType "tourn (corr)"]
[EventRounds "6"]
[SourceTitle "Corr 2011"]
[Source "ChessBase"]
[SourceDate "2010.08.31"]
[SourceVersion "1"]
[SourceVersionDate "2010.08.31"]
[SourceQuality "1"]

1. d4 Nf6 2. c4 e6 3. Nc3 Bb4 4. e3 b6 5. Bd3 Bb7 6. Nf3 Ne4 7. 0-0 f5 8. d5 Bxc3 9. bxc3 Nc5 10. Ba3 Nba6 11. Re1 Qf6 12. Qc2 0-0 13. e4 Nxd3 14. Qxd3 fxe4 15. Qxe4 Rfe8 16. Re3 d6 17. Rae1 e5 18. Nh4 Rf8 19. Rf3 Qg5 20. Qc2 Nc5 21. Bxc5 bxc5 22. Rg3 Qh5 23. Nf3 Bc8 0-1

[Event "Edmonton June Sect-A"]
[Site "Edmonton"]
[Date "2006.06.25"]
[Round "5"]
[White "Sasata, Robert"]
[Black "Shabalov, Alexander"]
[Result "0-1"]
[WhiteElo "2235"]
[BlackElo "2604"]
[PlyCount "80"]
[EventDate "2006.06.23"]
[EventType "tourn"]
[EventRounds "5"]
[EventCountry "CAN"]
[SourceTitle "CBM 113 Extra"]
[Source "ChessBase"]
[SourceDate "2006.09.14"]
[SourceVersion "1"]
[SourceVersionDate "2006.09.14"]
[SourceQuality "1"]

1. d4 d5 2. c4 c6 3. Nf3 Nf6 4. Nc3 e6 5. Bg5 dxc4 6. e4 b5 7. e5 h6 8. Bh4 g5 9. Nxg5 hxg5 10. Bxg5 Nbd7 11. g3 Rg8 12. h4 Rxg5 13. hxg5 Nd5 14. g6 fxg6 15. Qg4 Qe7 16. Qxg6+ Qf7 17. Qe4 Bb4 18. Rc1 Nf8 19. Be2 Qf5 20. Qh4 Kd7 21. Qh6 Kc7 22. Kf1 Bxc3 23. bxc3 Bd7 24. Rh5 Qf7 25. a4 Ng6 26. Qh7 Rf8 27. Qxf7 Rxf7 28. Ke1 Nge7 29. Rh8 Nb6 30. Bh5 Rg7 31. axb5 cxb5 32. Be8 Ned5 33. Bxd7 Kxd7 34. Kd2 Rf7 35. f4 Rg7 36. Rh3 Na4 37. Rc2 a6 38. Rc1 a5 39. Rc2 Ndb6 40. Ke2 b4 0-1

[Event "IECG CM.2005.0.00289"]
[Site "IECG email"]
[Date "2005.11.01"]
[Round "?"]
[White "Sasata, Robert"]
[Black "Roberts, Anthony"]
[Result "1/2-1/2"]
[WhiteElo "2218"]
[BlackElo "2292"]
[PlyCount "59"]
[EventDate "2005.11.01"]
[EventType "tourn (corr)"]
[EventRounds "6"]
[SourceTitle "Corr 2008"]
[Source "ChessBase"]
[SourceDate "2008.06.24"]
[SourceVersion "1"]
[SourceVersionDate "2008.06.24"]
[SourceQuality "1"]

1. d4 d5 2. c4 c6 3. Nf3 Nf6 4. cxd5 cxd5 5. Nc3 Nc6 6. Bf4 Bf5 7. e3 e6 8. Bb5 Nd7 9. Qa4 Rc8 10. 0-0 a6 11. Bxc6 Rxc6 12. Rfc1 Be7 13. Nd1 b5 14. Qb3 Rc4 15. Nd2 Qa5 16. Nc3 Rb4 17. Qd1 Rxb2 18. a4 Qd8 19. axb5 axb5 20. Ra7 0-0 21. e4 Bg6 22. exd5 Bb4 23. Nf3 Bxc3 24. Rxc3 exd5 25. Bc1 Rb4 26. Ba3 Rb1 27. Rc1 Rxc1 28. Qxc1 Re8 29. Qc6 Bf5 30. Qxd5 1/2-1/2

[Event "Canadian op"]
[Site "Edmonton"]
[Date "2005.07.17"]
[Round "10"]
[White "Sasata, Robert"]
[Black "Fairbairn, Stephen"]
[Result "1-0"]
[WhiteElo "2323"]
[BlackElo "2022"]
[PlyCount "92"]
[EventDate "2005.07.09"]
[EventType "swiss"]
[EventRounds "10"]
[EventCountry "CAN"]
[SourceTitle "CBM 107 Extra"]
[Source "ChessBase"]
[SourceDate "2005.09.01"]
[SourceVersion "1"]
[SourceVersionDate "2005.09.01"]
[SourceQuality "1"]

1. d4 Nf6 2. c4 e5 3. dxe5 Ng4 4. e3 Nxe5 5. Nh3 Nbc6 6. Be2 Bb4+ 7. Bd2 Bxd2+ 8. Qxd2 b6 9. Nc3 Bb7 10. Nf4 0-0 11. 0-0 d6 12. Nfd5 a6 13. f4 Nd7 14. e4 Ne7 15. Rae1 Nxd5 16. cxd5 Re8 17. Bd3 f5 18. e5 g6 19. e6 Nf6 20. Bc2 Re7 21. Qd4 Qf8 22. Re3 Nh5 23. h3 Qf6 24. Qxf6 Nxf6 25. Rd1 Kf8 26. Kf2 Rd8 27. b4 Ra8 28. Bb3 Kg7 29. a3 Kf8 30. Re2 Kg7 31. Ke3 Rae8 32. Kf2 Rc8 33. Rc2 Kf8 34. Rdc1 Rb8 35. Kf1 Ke8 36. Rd2 Kf8 37. Bd1 Rd8 38. Bf3 Ne8 39. g4 Ng7 40. Kf2 Ba8 41. Rdc2 Rb8 42. Ne2 Rc8 43. Nd4 Ke8 44. Rg1 c5 45. gxf5 Rec7 46. fxg6 hxg6 1-0

[Event "Canadian op"]
[Site "Edmonton"]
[Date "2005.07.16"]
[Round "9"]
[White "Haessel, Dale R"]
[Black "Sasata, Robert"]
[Result "1/2-1/2"]
[WhiteElo "2230"]
[BlackElo "2323"]
[PlyCount "36"]
[EventDate "2005.07.09"]
[EventType "swiss"]
[EventRounds "10"]
[EventCountry "CAN"]
[SourceTitle "CBM 107 Extra"]
[Source "ChessBase"]
[SourceDate "2005.09.01"]
[SourceVersion "1"]
[SourceVersionDate "2005.09.01"]
[SourceQuality "1"]

1. c4 Nf6 2. g3 e6 3. Bg2 d5 4. Nf3 Be7 5. 0-0 0-0 6. d4 dxc4 7. Qc2 a6 8. a4 Bd7 9. Ne5 Bc6 10. Nxc6 Nxc6 11. e3 Nd5 12. Qxc4 Na5 13. Qc2 c5 14. dxc5 Rc8 15. Nc3 Nb4 16. Qe2 Bxc5 17. Rd1 Qb6 18. Bd2 Nb3 1/2-1/2

[Event "Canadian op"]
[Site "Edmonton"]
[Date "2005.07.11"]
[Round "4"]
[White "Sasata, Robert"]
[Black "Henson, Joshua"]
[Result "1/2-1/2"]
[WhiteElo "2323"]
[BlackElo "2221"]
[PlyCount "85"]
[EventDate "2005.07.09"]
[EventType "swiss"]
[EventRounds "10"]
[EventCountry "CAN"]
[SourceTitle "CBM 107 Extra"]
[Source "ChessBase"]
[SourceDate "2005.09.01"]
[SourceVersion "1"]
[SourceVersionDate "2005.09.01"]
[SourceQuality "1"]

1. d4 Nf6 2. c4 e6 3. Nf3 b6 4. e3 Bb7 5. Bd3 Be7 6. 0-0 0-0 7. b3 d5 8. Bb2 Nbd7 9. Nbd2 Ne4 10. Qe2 Bd6 11. Rfd1 Qe7 12. Rac1 f5 13. Ne5 Bxe5 14. dxe5 c5 15. cxd5 exd5 16. f4 Rfd8 17. Nxe4 fxe4 18. Ba6 Bc6 19. b4 Rab8 20. bxc5 bxc5 21. Qd2 c4 22. a4 Qb4 23. Bc3 Qxa4 24. Ra1 Qb3 25. e6 Nf6 26. h3 Re8 27. f5 Qb6 28. Qf2 Qc7 29. Qh4 Rf8 30. Bd4 Rb3 31. Rf1 Rd3 32. Rfb1 Rb3 33. Rc1 h6 34. Bc5 Rfb8 35. Rf1 Rd3 36. Bd4 Rf8 37. Rfb1 Rb3 38. Rc1 Rd3 39. Rf1 Rb3 40. Qe1 Rd3 41. Ra2 Nh5 42. Bc5 Re8 43. Qh4 1/2-1/2

[Event "Edmonton April Sect-A"]
[Site "Edmonton"]
[Date "2005.04.02"]
[Round "3"]
[White "Neven, Knut G"]
[Black "Sasata, Robert"]
[Result "0-1"]
[WhiteElo "2203"]
[BlackElo "2226"]
[PlyCount "110"]
[EventDate "2005.04.01"]
[EventType "tourn"]
[EventRounds "5"]
[EventCountry "CAN"]
[SourceTitle "EXT 2006"]
[Source "ChessBase"]
[SourceDate "2005.11.24"]
[SourceVersion "1"]
[SourceVersionDate "2005.11.24"]
[SourceQuality "1"]

1. d4 Nf6 2. c4 g6 3. Nc3 Bg7 4. e4 d6 5. h3 0-0 6. Bg5 Na6 7. Bd3 e5 8. d5 Qe8 9. Nge2 Nd7 10. Qd2 f5 11. exf5 gxf5 12. 0-0-0 e4 13. Bc2 Ne5 14. b3 Nb4 15. Kb1 Bd7 16. Nf4 a5 17. a4 Ng6 18. Nxg6 Qxg6 19. Be3 f4 20. Bd4 Nxc2 21. Qxc2 Bf5 22. Kb2 Bxd4 23. Rxd4 Qxg2 24. Rdd1 Qg7 25. Rhg1 Bg6 26. h4 e3 27. Qe2 Rae8 28. f3 Re5 29. Ka3 Rh5 30. Ne4 Rxh4 31. Ng5 Rf5 32. Ne6 Qf6 33. Rg2 c5 34. Rdg1 b6 35. Qe1 Rfh5 36. Qe2 Rh1 37. Qf1 Rxg1 38. Qxg1 Re5 39. Rg4 Rf5 40. Ka2 Kf7 41. Qh2 h5 42. Rg2 Ke7 43. Qg1 Bf7 44. Rg7 Qc3 45. Qg6 Qf6 46. Qg1 e2 47. Rh7 Re5 48. Qg8 Rxe6 49. dxe6 Kxe6 50. Qc8+ Ke5 51. Qb8 e1Q 52. Rxh5+ Kd4 53. Rh2 Kd3 54. Rb2 Qee5 55. Rb1 Kc2 0-1

[Event "IECG CM.2004.0.00258 email"]
[Site "IECG email"]
[Date "2004.12.19"]
[Round "?"]
[White "Wieland, Markus"]
[Black "Sasata, Robert"]
[Result "1/2-1/2"]
[WhiteElo "2050"]
[BlackElo "2213"]
[PlyCount "41"]
[EventDate "2004.10.25"]
[EventType "tourn (corr)"]
[EventRounds "6"]
[SourceTitle "Corr 2008"]
[Source "ChessBase"]
[SourceDate "2008.06.24"]
[SourceVersion "1"]
[SourceVersionDate "2008.06.24"]
[SourceQuality "1"]

1. d4 d5 2. c4 e6 3. Nf3 Nf6 4. g3 Be7 5. Bg2 0-0 6. 0-0 dxc4 7. Qc2 a6 8. Qxc4 b5 9. Qc2 Bb7 10. Bd2 Be4 11. Qc1 Bb7 12. Rd1 Qc8 13. a4 c5 14. dxc5 Bxc5 15. axb5 axb5 16. Rxa8 Bxa8 17. Be3 Be7 18. Qxc8 Rxc8 19. Rc1 Rxc1+ 20. Bxc1 b4 21. Ne1 1/2-1/2

[Event "IECG CM.2004.0.00258 email"]
[Site "IECG email"]
[Date "2004.10.25"]
[Round "?"]
[White "Sacerdotali, Sergio"]
[Black "Sasata, Robert"]
[Result "0-1"]
[WhiteElo "2328"]
[BlackElo "2213"]
[PlyCount "84"]
[EventDate "2004.10.25"]
[EventType "tourn (corr)"]
[EventRounds "6"]
[SourceTitle "Corr 2008"]
[Source "ChessBase"]
[SourceDate "2008.06.24"]
[SourceVersion "1"]
[SourceVersionDate "2008.06.24"]
[SourceQuality "1"]

1. e4 e5 2. Nf3 Nc6 3. Bb5 a6 4. Ba4 Nf6 5. 0-0 b5 6. Bb3 Bb7 7. c3 Nxe4 8. d4 exd4 9. Re1 d5 10. Ng5 Qd7 11. f3 h6 12. Nxf7 Qxf7 13. fxe4 0-0-0 14. Bxd5 Qe8 15. a4 Bc5 16. axb5 axb5 17. Kh1 Rf8 18. cxd4 Bxd4 19. Nc3 Bf2 20. Rf1 b4 21. Nb5 Qe5 22. Bd2 Bb6 23. Qg4+ Kb8 24. Bf4 Qe7 25. Qd1 Rf6 26. Bg3 Rxf1+ 27. Qxf1 Qc5 28. b3 Rf8 29. Qd3 Rd8 30. Qc4 Qxc4 31. bxc4 Rd7 32. Rb1 Re7 33. Nd6 cxd6 34. Bxd6+ Rc7 35. c5 Ba5 36. Bxc7+ Kxc7 37. Rf1 Ne5 38. h4 Bc6 39. g3 Kb7 40. Kg2 Ka6 41. Bxc6 Nxc6 42. Kf3 Kb5 0-1

[Event "CAN-ch"]
[Site "Toronto"]
[Date "2004.08.28"]
[Round "8"]
[White "Filipovich, David"]
[Black "Sasata, Robert"]
[Result "1/2-1/2"]
[WhiteElo "2210"]
[BlackElo "2242"]
[PlyCount "79"]
[EventDate "2004.08.20"]
[EventType "swiss"]
[EventRounds "9"]
[EventCountry "CAN"]
[SourceTitle "CBM 101 Extra"]
[Source "ChessBase"]
[SourceDate "2004.09.01"]
[SourceVersion "2"]
[SourceVersionDate "2004.09.01"]
[SourceQuality "1"]

1. g3 f5 2. Bg2 d6 3. d4 Nf6 4. c4 g6 5. Nh3 Bg7 6. Nc3 0-0 7. d5 e5 8. dxe6 c6 9. Nf4 Qe7 10. 0-0 Na6 11. Re1 Nc5 12. h4 Bxe6 13. e4 Nfxe4 14. Nxe4 fxe4 15. Bxe4 Nxe4 16. Rxe4 Be5 17. Nxe6 Qxe6 18. Qe2 Qf5 19. Bh6 Bg7 20. Bxg7 Kxg7 21. Re1 Rf7 22. Qd2 Raf8 23. Rf4 Qc5 24. b4 Qb6 25. Qxd6 Rxf4 26. gxf4 Rf7 27. Re7 Rxe7 28. Qxe7+ Kh6 29. h5 Qd4 30. Qg5+ Kg7 31. hxg6 hxg6 32. f5 Qxc4 33. Qxg6+ Kf8 34. f6 Qf7 35. Qh6+ Ke8 36. Qe3+ Kd7 37. Qxa7 Qg6+ 38. Kh2 Qh5+ 39. Kg3 Qg5+ 40. Kh3 1/2-1/2

[Event "CAN-ch"]
[Site "Toronto"]
[Date "2004.08.21"]
[Round "2"]
[White "Henry, Liam"]
[Black "Sasata, Robert"]
[Result "1-0"]
[WhiteElo "2062"]
[BlackElo "2242"]
[PlyCount "125"]
[EventDate "2004.08.20"]
[EventType "swiss"]
[EventRounds "9"]
[EventCountry "CAN"]
[SourceTitle "CBM 101 Extra"]
[Source "ChessBase"]
[SourceDate "2004.09.01"]
[SourceVersion "2"]
[SourceVersionDate "2004.09.01"]
[SourceQuality "1"]

1. e4 e5 2. Nf3 Qe7 3. Nc3 c6 4. Bc4 d6 5. Bb3 h6 6. d4 Bg4 7. dxe5 dxe5 8. h3 Bh5 9. g4 Bg6 10. Qe2 Nd7 11. Be3 Ngf6 12. Nd2 Nc5 13. f3 Nfd7 14. a4 Qd8 15. 0-0-0 Qc7 16. h4 h5 17. g5 Ne6 18. Bxe6 fxe6 19. Qc4 Be7 20. Nb3 Nb6 21. Bxb6 axb6 22. Nb5 Qc8 23. Nd6+ Bxd6 24. Rxd6 0-0 25. Rhd1 Rxf3 26. Rd7 Qe8 27. Rxb7 Rd8 28. Rxd8 Qxd8 29. Qxe6+ Kh7 30. Rd7 Rf1+ 31. Kd2 Qf8 32. Qxe5 c5 33. Kc3 Rf3+ 34. Rd3 Rf4 35. Nd2 Rxh4 36. b3 c4 37. Kxc4 Qc8+ 38. Kb4 Qf8+ 39. Qd6 Qf2 40. Rd4 Qe3 41. Qe5 Rg4 42. Rd7 Qc5+ 43. Qxc5 bxc5+ 44. Kxc5 h4 45. Rd3 Rxg5+ 46. Kb6 Rg3 47. Rxg3 hxg3 48. Nf3 g2 49. Ng1 Bxe4 50. c4 Kg6 51. c5 Kf5 52. c6 Kg4 53. a5 Kg3 54. a6 Kf2 55. a7 Kxg1 56. a8Q Kf2 57. Qf8+ Bf3 58. Qxg7 g1Q 59. Qxg1+ Kxg1 60. c7 Bg4 61. Ka7 Kf2 62. b4 Ke3 63. b5 1-0